[Event "Chess.com Classic Div 2 W"]
[Site "chess.com INT"]
[Date "2024.05.10"]
[Round "1.4"]
[White "Hakobyan, Aram"]
[Black "Caruana, Fabiano"]
[Result "1-0"]
[WhiteTitle "GM"]
[BlackTitle "GM"]
[WhiteElo "2617"]
[BlackElo "2805"]
[WhiteFideId "13306677"]
[BlackFideId "2020009"]
[EventDate "2024.05.10"]
[EventType "k.o."]

1. e4 e5 2. Nf3 Nc6 3. Nc3 Nf6 4. Bb5 Bd6 5. d3 h6 6. Be3 a6 7. Ba4 Ng4 8. a3
Nxe3 9. fxe3 Na5 10. Qd2 b5 11. b4 bxa4 12. bxa5 O-O 13. Nxa4 Be7 14. O-O d6 15.
c4 Bd7 16. Nc3 c6 17. Na4 Rb8 18. Nb6 Be6 19. Rab1 Qc7 20. Qc3 f5 21. exf5 Rxf5
22. e4 Rf7 23. c5 Rbf8 24. Nc4 Bxc4 25. Qxc4 d5 26. exd5 cxd5 27. Qxd5 Qxc5+ 28.
Qxc5 Bxc5+ 29. Kh1 Bxa3 30. Rfe1 Rf5 31. Rxe5 Bd6 32. Rxf5 Rxf5 33. Rb6 Bc7 34.
Rxa6 Bxa5 35. Kg1 Rb5 36. d4 Kh7 37. h4 Bd8 38. Kf2 Rb2+ 39. Kg3 h5 40. Ng5+
Bxg5 41. hxg5 Rb5 42. Kf4 Rd5 43. Ke4 Rxg5 44. Ra2 Kg6 45. Rf2 Ra5 46. d5 Ra1
47. d6 Rd1 48. Ke5 h4 49. Rf4 Re1+ 50. Kd5 Rd1+ 51. Ke6 Kg5 52. Re4 Kh5 53. Re5+
g5 54. Rd5 Re1+ 55. Kf7 1-0

[Event "Chess.com Classic Div 2 W"]
[Site "chess.com INT"]
[Date "2024.05.10"]
[Round "1.4"]
[White "Martinez Alcantara, Jose Eduardo"]
[Black "So, Wesley"]
[Result "1-0"]
[WhiteTitle "GM"]
[BlackTitle "GM"]
[WhiteElo "2612"]
[BlackElo "2757"]
[WhiteFideId "3805662"]
[BlackFideId "5202213"]
[EventDate "2024.05.10"]
[EventType "k.o."]

1. e4 d6 2. d4 Nf6 3. Bd3 e5 4. c3 Nc6 5. Nf3 d5 6. Nxe5 Nxe5 7. dxe5 Nxe4 8.
Nd2 Nc5 9. Bc2 g6 10. Nf3 Bg4 11. h3 Bxf3 12. Qxf3 Bg7 13. Bf4 O-O 14. O-O-O c6
15. h4 f6 16. Be3 fxe5 17. Qg4 Qd7 18. Qg3 Ne6 19. h5 g5 20. Bxg5 Nxg5 21. Qxg5
Kh8 22. f3 Bf6 23. Qd2 Qg7 24. Kb1 Bg5 25. Qe2 Bh6 26. c4 Rad8 27. g4 e4 28.
fxe4 Qe5 29. cxd5 cxd5 30. Qb5 Bg7 31. h6 Bf6 32. Rh5 Qf4 33. Rhxd5 Rc8 34. e5
Be7 35. Qd3 Qxh6 36. Rd7 Rcd8 37. Qb5 Rxd7 38. Qxd7 Qg5 39. Rh1 h6 40. Qxb7 Qxe5
41. Rxh6+ Kg8 42. Qh1 Rf2 43. Bb3+ Kg7 44. Rh7+ Kf8 45. Qa8+ 1-0

[Event "Chess.com Classic Div 2 W"]
[Site "chess.com INT"]
[Date "2024.05.10"]
[Round "1.4"]
[White "Oparin, Grigoriy"]
[Black "Sevian, Samuel"]
[Result "0-1"]
[WhiteTitle "GM"]
[BlackTitle "GM"]
[WhiteElo "2676"]
[BlackElo "2699"]
[WhiteFideId "24125890"]
[BlackFideId "2040506"]
[EventDate "2024.05.10"]
[EventType "k.o."]

1. d4 Nf6 2. c4 g6 3. Nc3 Bg7 4. e4 d6 5. Nf3 O-O 6. Be2 Nc6 7. O-O e5 8. dxe5
Nxe5 9. Re1 Nxf3+ 10. Bxf3 Nd7 11. Be2 Re8 12. Bf1 Bxc3 13. bxc3 b6 14. Qd5 Ba6
15. Bg5 Qc8 16. Qd4 Qb7 17. Bh6 f6 18. f4 Qc6 19. Re3 Re7 20. Rae1 Rae8 21. h4
Bb7 22. Bd3 Qc5 23. g4 Qa5 24. Bb1 Rf7 25. Kh2 Qa4 26. Kg3 Ba6 27. c5 Nxc5 28.
Qxa4 Nxa4 29. e5 Rfe7 30. Be4 dxe5 31. Bc6 Nc5 32. fxe5 f5 33. gxf5 gxf5 34.
Bxe8 Rxe8 35. e6 Bc4 36. e7 Kf7 37. Re5 Ne4+ 38. Kf4 Nd6 39. Rg1 Bxa2 40. Rg7+
Kf6 41. Rxh7 Kg6 42. Rg7+ Kxh6 43. Rg2 Bf7 44. Rg1 a5 45. c4 Bxc4 46. Re3 a4 47.
Reg3 Bf7 48. Rg7 Rxe7 49. h5 Re4+ 50. Kf3 Bxh5+ 51. Kf2 Re2+ 52. Kf1 Rc2 53.
R1g3 Rc1+ 54. Kg2 Rc2+ 55. Kg1 Bg4 56. Rxc7 Rxc7 0-1

[Event "Chess.com Classic Div 2 W"]
[Site "chess.com INT"]
[Date "2024.05.10"]
[Round "1.4"]
[White "Rakhmanov, Aleksandr"]
[Black "Esipenko, Andrey"]
[Result "0-1"]
[WhiteTitle "GM"]
[BlackTitle "GM"]
[WhiteElo "2614"]
[BlackElo "2704"]
[WhiteFideId "4173708"]
[BlackFideId "24175439"]
[EventDate "2024.05.10"]
[EventType "k.o."]

1. d4 Nf6 2. c4 e6 3. Nc3 Bb4 4. e3 O-O 5. Bd3 d5 6. Ne2 dxc4 7. Bxc4 Be7 8. e4
c5 9. e5 Nfd7 10. f4 a6 11. O-O b5 12. Bb3 Bb7 13. Be3 Nb6 14. dxc5 N6d7 15. f5
Bxc5 16. Nd4 Nxe5 17. fxe6 Nbc6 18. exf7+ Kh8 19. Nf5 Bxe3+ 20. Nxe3 Qg5 21. Qd2
Rad8 22. Qf2 Nd4 23. Bd5 Bxd5 24. Nexd5 Ndc6 25. Qf4 Qh5 26. a3 Rxf7 27. Qg3
Rdf8 28. Rxf7 Qxf7 29. h3 h6 30. Re1 Qa7+ 31. Kh1 Qf2 32. Qxf2 Rxf2 33. Nc7 Rxb2
34. Nxa6 Rb3 35. Nb1 Nd3 36. Rf1 Nd4 37. Nc7 Nc2 38. Ne6 Nxa3 39. Nxa3 Rxa3 40.
Rf8+ Kh7 41. Rf7 Kg6 42. Rb7 b4 43. Nd4 Rc3 44. Rb6+ Kg5 45. Kh2 g6 46. Rb5+ Kf6
47. Kg1 Rc4 48. Nf3 Ke6 49. Kf1 Nf4 50. g3 Nd5 51. Kf2 Rc2+ 52. Ke1 Kd6 53. Nd2
Rc1+ 54. Kf2 Rc2 55. Ke1 Ke5 56. Nf3+ Ke4 57. Nd2+ Ke3 58. Nf1+ Kd4 59. Nd2 Rc3
60. Ke2 Rxg3 61. Nf3+ Kc4 62. Rb8 Rxh3 63. Rc8+ Kb3 64. Nd4+ Kb2 65. Rc2+ Ka3
66. Rc5 Nc3+ 67. Ke1 Re3+ 68. Kf1 Rd3 69. Nc2+ Kb3 70. Ne1 Rd6 71. Rc8 Ne4 72.
Nf3 Nd2+ 73. Nxd2+ Rxd2 0-1

[Event "Chess.com Classic Div 2 W"]
[Site "chess.com INT"]
[Date "2024.05.10"]
[Round "1.4"]
[White "Van Foreest, Jorden"]
[Black "Vachier-Lagrave, Maxime"]
[Result "1/2-1/2"]
[WhiteTitle "GM"]
[BlackTitle "GM"]
[WhiteElo "2665"]
[BlackElo "2732"]
[WhiteFideId "1039784"]
[BlackFideId "623539"]
[EventDate "2024.05.10"]
[EventType "k.o."]

1. e4 c5 2. Nf3 d6 3. d4 cxd4 4. Nxd4 Nf6 5. Nc3 a6 6. Bc4 e6 7. a4 Be7 8. O-O
O-O 9. Be3 Bd7 10. a5 Nc6 11. Nxc6 Bxc6 12. Re1 Nxe4 13. Nxe4 d5 14. Bb6 Qe8 15.
Bd3 dxe4 16. Bxe4 Rc8 17. c4 Bb4 18. Re3 Bxe4 19. Rxe4 Qc6 20. Qd3 Bc5 21. Bxc5
Qxc5 22. Rd4 g6 23. b3 b6 24. axb6 Qxb6 25. Rd6 Rc6 26. Rxc6 Qxc6 27. h4 h5 28.
b4 Rb8 29. Qc3 Qb7 30. Rd1 e5 31. Rb1 Qe4 32. Ra1 Qd4 33. Qxd4 exd4 34. Rb1 Rc8
35. c5 a5 36. bxa5 Rxc5 37. Rd1 Rxa5 1/2-1/2

[Event "Chess.com Classic Div 2 W"]
[Site "chess.com INT"]
[Date "2024.05.10"]
[Round "1.5"]
[White "Dominguez Perez, Leinier"]
[Black "Kollars, Dmitrij"]
[Result "0-1"]
[WhiteTitle "GM"]
[BlackTitle "GM"]
[WhiteElo "2748"]
[BlackElo "2648"]
[WhiteFideId "3503240"]
[BlackFideId "12909572"]
[EventDate "2024.05.10"]
[EventType "k.o."]

1. e4 e5 2. Nf3 Nc6 3. Bc4 Nf6 4. d3 Be7 5. O-O O-O 6. a4 d5 7. exd5 Nxd5 8. a5
b6 9. axb6 Nxb6 10. Bb5 Nb4 11. Bd2 Bg4 12. Bxb4 Bxb4 13. Bc6 Rb8 14. h3 Bh5 15.
g4 Qd6 16. gxh5 Qxc6 17. Nxe5 Qe6 18. Ng4 f5 19. Nh2 Bd6 20. Nc3 Nd5 21. Nxd5
Qxd5 22. b3 Rb4 23. Nf3 Rf4 24. Kg2 Rg4+ 25. hxg4 fxg4 26. Rg1 gxf3+ 27. Kf1
Qxh5 28. Ra4 Re8 29. Re4 Rxe4 30. dxe4 Qh3+ 31. Ke1 Bb4+ 0-1

[Event "Chess.com Classic Div 2 W"]
[Site "chess.com INT"]
[Date "2024.05.10"]
[Round "1.5"]
[White "Oparin, Grigoriy"]
[Black "Sevian, Samuel"]
[Result "1-0"]
[WhiteTitle "GM"]
[BlackTitle "GM"]
[WhiteElo "2676"]
[BlackElo "2699"]
[WhiteFideId "24125890"]
[BlackFideId "2040506"]
[EventDate "2024.05.10"]
[EventType "k.o."]

1. e4 e5 2. Nf3 Nc6 3. Bc4 Bc5 4. d3 Nf6 5. O-O d6 6. c3 a5 7. Nbd2 Ba7 8. h3
O-O 9. Re1 Be6 10. Bb5 Ne7 11. d4 Ng6 12. Ba4 Nh5 13. Nf1 Nhf4 14. Bc2 f6 15.
N1h2 c6 16. h4 Bf7 17. g3 Ne6 18. Be3 exd4 19. cxd4 d5 20. e5 fxe5 21. h5 e4 22.
hxg6 Bxg6 23. Ne5 Be8 24. f4 Rc8 25. Rc1 Qe7 26. Bb3 Rd8 27. a3 Qc7 28. Rc2 Qb6
29. Rd2 Rd6 30. Ba2 Qd8 31. Qg4 g6 32. Rf1 Ng7 33. Qh3 Nf5 34. g4 Nxe3 35. Qxe3
Kh8 36. Kg2 Bd7 37. Bb3 Bc8 38. Bd1 Qe7 39. g5 Rdd8 40. Nhg4 c5 41. Rh1 cxd4 42.
Nxg6+ Kg7 43. Qh3 Kxg6 44. Ne5+ 1-0

[Event "Chess.com Classic Div 2 W"]
[Site "chess.com INT"]
[Date "2024.05.10"]
[Round "1.5"]
[White "Vachier-Lagrave, Maxime"]
[Black "Van Foreest, Jorden"]
[Result "1-0"]
[WhiteTitle "GM"]
[BlackTitle "GM"]
[WhiteElo "2732"]
[BlackElo "2665"]
[WhiteFideId "623539"]
[BlackFideId "1039784"]
[EventDate "2024.05.10"]
[EventType "k.o."]

1. e4 e5 2. Nf3 Nc6 3. Bb5 a6 4. Ba4 Nf6 5. O-O Be7 6. Re1 b5 7. Bb3 d6 8. c3
O-O 9. h3 Na5 10. Bc2 d5 11. d3 dxe4 12. dxe4 Qxd1 13. Rxd1 Nc6 14. Be3 h6 15.
Nbd2 Be6 16. Nf1 Rfd8 17. Ng3 Rxd1+ 18. Rxd1 Rd8 19. Ra1 Nd7 20. Bb3 Bxb3 21.
axb3 a5 22. Rd1 Bc5 23. Nf5 Bxe3 24. Nxe3 Nc5 25. Rd5 Rxd5 26. exd5 Ne7 27. Nxe5
Nxb3 28. Nc6 Kf8 29. Na7 b4 30. cxb4 axb4 31. Kf1 Nd4 32. Ke1 Ke8 33. Kd2 Kd7
34. Kd3 Ndf5 35. Nxf5 Nxf5 36. Nc6 b3 37. Nd4 Ne7 38. Kc4 Kd6 39. Nb5+ Kd7 40.
g3 h5 41. Kc5 Ng6 42. Kd4 h4 43. Nc3 hxg3 44. fxg3 Ne7 45. Ne4 Nf5+ 46. Ke5 Ne3
47. Nc5+ Ke7 48. Nd3 f6+ 49. Ke4 Nf1 50. g4 g5 51. Nc5 Nd2+ 52. Kd3 Nf3 53. Nxb3
Ng1 54. Nd4 Nxh3 55. Nf5+ Kd7 56. Kd4 Nf4 57. b4 c6 58. Ne3 Kd6 59. dxc6 Kxc6
60. Ke4 Kb5 61. Nd5 Nh3 62. Kf3 Kc4 63. Nxf6 Kxb4 64. Nh5 Ng1+ 65. Kf2 Nh3+ 66.
Kg2 1-0

[Event "Chess.com Classic Div 2 W"]
[Site "chess.com INT"]
[Date "2024.05.11"]
[Round "2.1"]
[White "Aronian, Levon"]
[Black "Kollars, Dmitrij"]
[Result "1-0"]
[WhiteTitle "GM"]
[BlackTitle "GM"]
[WhiteElo "2730"]
[BlackElo "2648"]
[WhiteFideId "13300474"]
[BlackFideId "12909572"]
[EventDate "2024.05.10"]
[EventType "k.o."]

1. e4 e5 2. Nf3 Nc6 3. Bc4 Nf6 4. d3 Bc5 5. h3 d6 6. c3 a6 7. Bb3 O-O 8. Bg5 Ba7
9. Nbd2 Be6 10. Bc2 h6 11. Bh4 g5 12. Bg3 Nh5 13. Qe2 Qf6 14. O-O-O b5 15. Nh2
Nf4 16. Bxf4 Qxf4 17. Rdf1 Qf6 18. h4 gxh4 19. f4 exf4 20. d4 Nxd4 21. cxd4 Bxd4
22. Nhf3 Bxb2+ 23. Kd1 h3 24. gxh3 Be5 25. Rhg1+ Kh8 26. Nxe5 dxe5 27. Qh5 Rae8
28. Nf3 Bc4 29. Rf2 Rg8 30. Rxg8+ Kxg8 31. Bb3 Bxb3+ 32. axb3 Qe6 33. Kc2 Kf8
34. Rd2 c6 35. Nh4 a5 36. Nf5 a4 37. Rd6 Qxb3+ 38. Kd2 Qb4+ 39. Ke2 Qxe4+ 40.
Kf2 Qc2+ 41. Kg1 Qc1+ 42. Kh2 Qc2+ 43. Kg1 Qc1+ 44. Rd1 Qc5+ 45. Kh1 f6 46. Qg6 1-0

[Event "Chess.com Classic Div 2 W"]
[Site "chess.com INT"]
[Date "2024.05.11"]
[Round "2.1"]
[White "Dubov, Daniil"]
[Black "Hakobyan, Aram"]
[Result "1/2-1/2"]
[WhiteTitle "GM"]
[BlackTitle "GM"]
[WhiteElo "2707"]
[BlackElo "2617"]
[WhiteFideId "24126055"]
[BlackFideId "13306677"]
[EventDate "2024.05.10"]
[EventType "k.o."]

1. e4 e5 2. Nf3 Nc6 3. Bb5 a6 4. Ba4 Nf6 5. O-O Nxe4 6. d4 b5 7. Bb3 d5 8. dxe5
Be6 9. Be3 Be7 10. Nbd2 O-O 11. c3 Bg4 12. Nxe4 dxe4 13. Qd5 exf3 14. Qxc6 fxg2
15. Rfe1 Qd7 16. Qxd7 Bxd7 17. Rad1 Bc6 18. Bd5 Bxd5 19. Rxd5 Rfd8 20. Rxd8+
Rxd8 21. Kxg2 Kf8 22. Kg3 a5 23. Kf3 a4 24. Ke4 g6 25. b3 f5+ 26. exf6 Bxf6 27.
bxa4 bxa4 28. Rb1 Bxc3 29. Rb7 Re8+ 30. Kd5 Ba5 31. Ra7 Bb6 32. Bh6+ Ke7 33.
Rxa4 Kd7 34. Rf4 Re2 35. Rf7+ Kc8 36. a4 Rxf2 37. Rxf2 Bxf2 38. Kc6 1/2-1/2

[Event "Chess.com Classic Div 2 W"]
[Site "chess.com INT"]
[Date "2024.05.11"]
[Round "2.1"]
[White "Esipenko, Andrey"]
[Black "Oparin, Grigoriy"]
[Result "0-1"]
[WhiteTitle "GM"]
[BlackTitle "GM"]
[WhiteElo "2704"]
[BlackElo "2676"]
[WhiteFideId "24175439"]
[BlackFideId "24125890"]
[EventDate "2024.05.10"]
[EventType "k.o."]

1. e4 c5 2. Nf3 Nc6 3. d4 cxd4 4. Nxd4 Nf6 5. Nc3 e5 6. Ndb5 d6 7. Nd5 Nxd5 8.
exd5 Nb8 9. a4 Be7 10. Be2 O-O 11. O-O Bf5 12. Bd2 a6 13. Na3 Nd7 14. Nc4 Rc8
15. a5 Be4 16. Bb4 Nf6 17. Ne3 Bg6 18. Bd3 Ne4 19. Nc4 f5 20. Bxe4 Rxc4 0-1

[Event "Chess.com Classic Div 2 W"]
[Site "chess.com INT"]
[Date "2024.05.11"]
[Round "2.1"]
[White "Vachier-Lagrave, Maxime"]
[Black "Martinez Alcantara, Jose Eduardo"]
[Result "1-0"]
[WhiteTitle "GM"]
[BlackTitle "GM"]
[WhiteElo "2732"]
[BlackElo "2612"]
[WhiteFideId "623539"]
[BlackFideId "3805662"]
[EventDate "2024.05.10"]
[EventType "k.o."]

1. e4 e5 2. Nf3 Nc6 3. Bb5 a6 4. Ba4 Nf6 5. O-O Be7 6. Re1 b5 7. Bb3 O-O 8. a4
b4 9. d4 d6 10. dxe5 Nxe5 11. Bf4 Bb7 12. Nbd2 Ng6 13. Bg3 Nd7 14. Nc4 Nc5 15.
e5 Nxb3 16. cxb3 dxe5 17. Nfxe5 Nxe5 18. Bxe5 Bf6 19. Qg4 Bd5 20. Rad1 c6 21.
Bd6 Re8 22. Bxb4 Rxe1+ 23. Rxe1 h5 24. Qxh5 Qb8 25. Bc5 Qxb3 26. Nb6 Rd8 27. Qe2
Qxb2 28. Qxb2 Bxb2 29. Rd1 Bf6 30. Nxd5 cxd5 31. Kf1 Be5 32. Bb6 Rd7 33. h3 f6
34. a5 Kf7 35. Ke2 Ke6 36. Rc1 d4 37. Kd3 Rd5 38. g3 g5 39. Rc6+ Kd7 40. Rc5 Ke6
41. Rxd5 Kxd5 42. g4 Ke6 43. Ke4 d3 44. Kxd3 f5 45. Kc4 Bd6 46. Be3 fxg4 47.
hxg4 Be7 48. Bd4 Bd8 49. Bc3 Be7 50. f3 Bd6 51. Bb4 Bc7 52. Bd2 Bd8 53. Kc5 Ke5
54. Kc4 Kd6 55. Kd4 Bf6+ 56. Ke4 Ke6 57. Bb4 Bg7 58. Bc5 Bf6 59. Bd4 Bd8 60. Bc3
Be7 61. Kd4 Bd6 62. Kc4 Be7 63. Bd2 Ke5 64. Be3 Ke6 65. Bb6 Ke5 66. Bc7+ Ke6 67.
Kd4 Kd7 68. Bb6 Ke6 69. Bc5 Bf6+ 70. Kc4 Be5 71. Be3 Bf6 72. Kc5 Bd8 73. Kc6
Bxa5 74. Bxg5 Bc3 75. Kc5 a5 76. Kc4 Be5 77. Bd2 Bc7 78. f4 Bd8 79. Bc3 a4 80.
f5+ Kd6 81. Kd4 a3 82. Bb4+ 1-0

[Event "Chess.com Classic Div 2 W"]
[Site "chess.com INT"]
[Date "2024.05.11"]
[Round "2.2"]
[White "Hakobyan, Aram"]
[Black "Dubov, Daniil"]
[Result "0-1"]
[WhiteTitle "GM"]
[BlackTitle "GM"]
[WhiteElo "2617"]
[BlackElo "2707"]
[WhiteFideId "13306677"]
[BlackFideId "24126055"]
[EventDate "2024.05.10"]
[EventType "k.o."]

1. e4 e5 2. Nf3 Nc6 3. Bb5 a6 4. Ba4 Nf6 5. O-O Be7 6. d3 b5 7. Bb3 O-O 8. a4
Rb8 9. axb5 axb5 10. Nc3 d6 11. h3 h6 12. Bd2 Re8 13. Nd5 Bf8 14. Ne3 Be6 15.
Bxe6 Rxe6 16. Ra6 d5 17. exd5 Nxd5 18. Re1 Nxe3 19. Bxe3 Qc8 20. Ra1 Qd7 21. Nd2
Nb4 22. Rc1 Ra8 23. Nb3 Qc6 24. d4 Rd8 25. c3 Nd5 26. Bd2 e4 27. Na5 Qd7 28. Qg4
Nf6 29. Qe2 Rde8 30. b3 c6 31. Be3 Nd5 32. c4 Nxe3 33. Qxe3 Bb4 34. d5 cxd5 35.
cxd5 Rd6 36. Nc6 Bxe1 37. Rxe1 Rxd5 38. Nb4 Rd2 39. Na6 Qd4 40. Qxd4 Rxd4 41.
Nc7 Re5 42. Rc1 b4 43. Na6 e3 44. fxe3 Rxe3 45. Rc8+ Kh7 46. Rb8 Rxb3 47. Nc5
Rc3 48. Na4 Rc2 0-1

[Event "Chess.com Classic Div 2 W"]
[Site "chess.com INT"]
[Date "2024.05.11"]
[Round "2.2"]
[White "Kollars, Dmitrij"]
[Black "Aronian, Levon"]
[Result "0-1"]
[WhiteTitle "GM"]
[BlackTitle "GM"]
[WhiteElo "2648"]
[BlackElo "2730"]
[WhiteFideId "12909572"]
[BlackFideId "13300474"]
[EventDate "2024.05.10"]
[EventType "k.o."]

1. e3 Nf6 2. Nf3 d5 3. c4 e6 4. Nc3 Bd6 5. b3 O-O 6. Bb2 c5 7. cxd5 exd5 8. d4
cxd4 9. Nxd4 Nc6 10. Be2 Re8 11. O-O Nxd4 12. Qxd4 Be5 13. Qd3 Ne4 14. Rac1 Bf5
15. Qd1 Re6 16. f4 Bf6 17. Bf3 h6 18. Na4 Bxb2 19. Nxb2 Nf6 20. Qd4 Qe7 21. Rfe1
Re8 22. Qxa7 Ra6 23. Qd4 Rxa2 24. Na4 Be4 25. Nc3 Ra3 26. Bxe4 dxe4 27. Qc4 Ra6
28. Red1 Rc6 29. Nd5 Qa3 30. Nxf6+ gxf6 31. Qb5 Rxc1 32. Qxe8+ Kg7 33. Qd7 Qxb3
34. Qg4+ Kf8 35. Rxc1 Qxe3+ 36. Kf1 Qxc1+ 37. Kf2 Qc5+ 38. Kg3 f5 39. Qh5 Qe3+ 0-1

[Event "Chess.com Classic Div 2 W"]
[Site "chess.com INT"]
[Date "2024.05.11"]
[Round "2.2"]
[White "Oparin, Grigoriy"]
[Black "Esipenko, Andrey"]
[Result "0-1"]
[WhiteTitle "GM"]
[BlackTitle "GM"]
[WhiteElo "2676"]
[BlackElo "2704"]
[WhiteFideId "24125890"]
[BlackFideId "24175439"]
[EventDate "2024.05.10"]
[EventType "k.o."]

1. c4 Nf6 2. Nf3 e6 3. g3 d5 4. Bg2 dxc4 5. Qa4+ Nbd7 6. Qxc4 a6 7. Qc2 c5 8.
Nc3 Qc7 9. d4 b5 10. Bf4 Qb6 11. Ne5 Bb7 12. Nxd7 Nxd7 13. d5 Nf6 14. O-O-O c4
15. e4 Bc5 16. dxe6 fxe6 17. e5 Bxg2 18. exf6 O-O 19. Ne4 Qc6 20. Ng5 g6 21. f7+
Rxf7 22. Nxf7 Kxf7 23. Rhe1 Bd5 24. Be5 b4 25. Bd4 Be7 26. Qd2 c3 27. Qh6 cxb2+
28. Kxb2 Ke8 29. Qxh7 Qa4 30. Qxg6+ Kd7 31. Qb1 Rc8 32. Rd2 b3 33. Ka1 Rc2 34.
Red1 Bb4 0-1

[Event "Chess.com Classic Div 2 W"]
[Site "chess.com INT"]
[Date "2024.05.11"]
[Round "2.3"]
[White "Aronian, Levon"]
[Black "Kollars, Dmitrij"]
[Result "1/2-1/2"]
[WhiteTitle "GM"]
[BlackTitle "GM"]
[WhiteElo "2730"]
[BlackElo "2648"]
[WhiteFideId "13300474"]
[BlackFideId "12909572"]
[EventDate "2024.05.10"]
[EventType "k.o."]

1. e4 c6 2. d4 d5 3. exd5 cxd5 4. c4 Nf6 5. Nc3 Nc6 6. Nf3 a6 7. Bg5 Be6 8. Be2
g6 9. Bxf6 exf6 10. O-O Bb4 11. cxd5 Bxd5 12. Nxd5 Qxd5 13. a3 Bd6 14. Rc1 O-O
15. Rc3 Rad8 16. Qb3 Qh5 17. g3 Na5 18. Qa2 Qf5 19. b4 Nc6 20. Qc2 Qd7 21. Bxa6
Nxb4 22. axb4 bxa6 23. Rc6 Bxb4 24. Rxa6 Qd5 25. Qc6 Qxc6 26. Rxc6 Rd6 27. Rfc1
Rfd8 28. Kf1 Kg7 29. Rxd6 Rxd6 30. Ke2 Ba5 31. Kd3 Bb6 32. Rc4 f5 33. Ne5 Kf6
34. Rc6 Rxc6 35. Nxc6 Ke6 36. f3 Kd5 37. Nb4+ Kd6 38. Kc4 Bd8 39. Nd3 Bf6 40. f4
Be7 41. Ne5 f6 42. Nd3 Bd8 43. Nc5 Bb6 44. Nb7+ Kc6 45. Nc5 Kd6 46. Nb7+ Kc6 47.
Nc5 Kd6 1/2-1/2

[Event "Chess.com Classic Div 2 W"]
[Site "chess.com INT"]
[Date "2024.05.11"]
[Round "2.3"]
[White "Dubov, Daniil"]
[Black "Hakobyan, Aram"]
[Result "1/2-1/2"]
[WhiteTitle "GM"]
[BlackTitle "GM"]
[WhiteElo "2707"]
[BlackElo "2617"]
[WhiteFideId "24126055"]
[BlackFideId "13306677"]
[EventDate "2024.05.10"]
[EventType "k.o."]

1. e4 c5 2. Nf3 d6 3. d4 cxd4 4. Nxd4 Nf6 5. Bc4 e6 6. Bd3 Nc6 7. Nxc6 bxc6 8.
O-O Be7 9. c4 O-O 10. Nc3 c5 11. Bf4 Nd7 12. Be2 Ne5 13. Bxe5 dxe5 14. Qxd8 Rxd8
15. Rfd1 Bb7 16. f3 a6 17. Rxd8+ Rxd8 18. Rd1 Rd4 19. Bd3 g6 20. Ne2 Rd8 21. Bc2
Rxd1+ 22. Bxd1 Bg5 23. Kf2 Bd2 24. Bc2 f5 25. Nc3 Bxc3 26. bxc3 Kf7 27. Ke3 Kf6
28. Ba4 h5 29. Be8 h4 30. Bd7 Ke7 31. Ba4 Kf6 32. Bd7 Ke7 33. Ba4 Bc8 34. g3
hxg3 35. hxg3 Kf6 36. Bc6 Kg5 37. a3 Kf6 38. Kd3 Ke7 39. Ke3 Kf7 40. Kd3 Kf8 41.
Kd2 Ke7 42. Kd3 Kd6 43. Be8 g5 44. g4 Kc7 45. Ke3 Kb6 46. Kd3 fxg4 47. fxg4 Bb7
48. Bd7 Kc7 49. Be8 Kd8 50. Ba4 Bc8 51. Ke3 Kc7 52. Kd3 Kb6 53. Ke3 Bb7 54. Kd3
Kc7 55. Ke3 Kb6 56. Kd3 Kc7 57. Ke3 Kb6 1/2-1/2

[Event "Chess.com Classic Div 2 W"]
[Site "chess.com INT"]
[Date "2024.05.11"]
[Round "2.3"]
[White "Esipenko, Andrey"]
[Black "Oparin, Grigoriy"]
[Result "1/2-1/2"]
[WhiteTitle "GM"]
[BlackTitle "GM"]
[WhiteElo "2704"]
[BlackElo "2676"]
[WhiteFideId "24175439"]
[BlackFideId "24125890"]
[EventDate "2024.05.10"]
[EventType "k.o."]

1. e4 c5 2. Nf3 d6 3. d4 cxd4 4. Nxd4 Nf6 5. Nc3 Nc6 6. Be2 e5 7. Nf3 h6 8. O-O
Be7 9. Re1 O-O 10. h3 Be6 11. Bf1 Qa5 12. Bd2 Qd8 13. Bc1 Qa5 14. a3 Rfc8 15.
Be3 d5 16. b4 Qd8 17. exd5 Nxd5 18. Nxd5 Qxd5 19. Nd2 Nd4 20. c4 Qd7 21. Bxd4
Qxd4 22. Nf3 Qf4 23. Nxe5 a5 24. g3 Qf5 25. Qb1 axb4 26. Qxf5 Bxf5 27. axb4 Bxb4
28. Rxa8 Rxa8 29. Rd1 Bc5 30. Nd3 Bxd3 31. Rxd3 Ra2 32. Rf3 Rd2 33. h4 g6 34.
Bh3 Rd8 35. Bf1 Rd2 36. Bh3 h5 37. Bc8 b6 38. Bb7 Kg7 39. Bd5 f5 40. Kf1 Kf6 41.
Bc6 Rb2 42. Bd5 Rc2 43. Kg2 Rd2 44. Bc6 Rd6 45. Bb5 Ke5 46. Kf1 Rd8 47. Kg2 Ra8
48. Kf1 Bd4 49. Kg2 Bc5 50. Kf1 Ke6 51. Kg2 Ke7 52. Kf1 Ra2 53. Kg2 Ra1 54. Rd3
Ra2 55. Rf3 Rd2 56. Kf1 Kf6 57. Kg2 Bd6 58. Bc6 g5 59. hxg5+ Kxg5 60. Bd7 f4 61.
gxf4+ Bxf4 62. Bc6 Rd4 63. Bb5 h4 64. Ba6 Kf6 65. Bb5 Ke5 66. Ba6 Kf6 67. Bb5
Kf5 68. Ba6 Kg5 69. Bb5 Be5 70. Ba6 Rg4+ 71. Kh1 Re4 72. Kg2 Rd4 73. Bb5 Rd2 74.
Ba6 Bd4 75. Bb5 Bc5 76. Bc6 Rd4 77. Bb5 Rg4+ 78. Kh1 Re4 79. Kg2 Re7 80. Kh3 Re2
81. Kg2 Rd2 82. Ba6 Ra2 83. Bb5 Rc2 84. Ba6 Rd2 85. Rf7 Kg6 86. Rf3 Kh5 87. Rf5+
Kg4 88. Bc8 h3+ 89. Kf1 Kh4 90. Rf7 h2 91. Rh7+ Kg5 92. Rxh2 Kf4 93. Ba6 Kf3 94.
Bb7+ Kf4 95. Bc6 Rc2 96. Bb5 Rd2 97. Ke1 Rc2 98. Kf1 Rd2 99. Ke1 Rc2 100. Kf1 1/2-1/2

[Event "Chess.com Classic Div 2 W"]
[Site "chess.com INT"]
[Date "2024.05.11"]
[Round "2.3"]
[White "Vachier-Lagrave, Maxime"]
[Black "Martinez Alcantara, Jose Eduardo"]
[Result "1/2-1/2"]
[WhiteTitle "GM"]
[BlackTitle "GM"]
[WhiteElo "2732"]
[BlackElo "2612"]
[WhiteFideId "623539"]
[BlackFideId "3805662"]
[EventDate "2024.05.10"]
[EventType "k.o."]

1. e4 e5 2. Nf3 Nc6 3. Bb5 a6 4. Ba4 Nf6 5. O-O Be7 6. d3 d6 7. c3 O-O 8. Re1
Re8 9. Nbd2 Bf8 10. Nf1 g6 11. h3 Bg7 12. Ng3 h6 13. d4 b5 14. Bc2 Bb7 15. a4
exd4 16. cxd4 Nb4 17. Bb1 c5 18. Bd2 bxa4 19. Rxa4 a5 20. Ra3 c4 21. Rae3 d5 22.
e5 Ne4 23. Nxe4 dxe4 24. Rxe4 Bxe4 25. Bxe4 Nd3 26. Bxd3 cxd3 27. Bc3 a4 28.
Qxd3 Qd5 29. Qe4 Qc4 30. d5 Qxe4 31. Rxe4 Rad8 32. d6 f6 33. Ba5 Rd7 34. Bc7
fxe5 35. Nd2 Ra8 36. Nc4 Ra6 37. Nxe5 Bxe5 38. Rxe5 a3 39. bxa3 Rxa3 40. g3 h5
41. Kg2 Rc3 42. g4 hxg4 43. hxg4 Rcxc7 44. dxc7 Rxc7 45. Kg3 Kf7 46. Ra5 Kf6 47.
Ra6+ Kg7 48. Kf4 Rf7+ 49. Kg5 Rxf2 50. Rxg6+ Kh7 51. Rf6 Rb2 52. Rf7+ Kg8 53.
Kg6 Rb6+ 54. Rf6 Rb4 55. g5 Rb7 56. Re6 1/2-1/2